| 000 | 00452nam a22001697a 4500 | ||
|---|---|---|---|
| 003 | NUST - PNEC | ||
| 005 | 20170116181151.0 | ||
| 008 | 151124b xxu||||| |||| 00| 0 eng d | ||
| 020 | _a1403971749 | ||
| 040 | _cLIBRARY | ||
| 082 | _a327.7300 ZIN | ||
| 100 |
_915411 _aZinni, |
||
| 245 |
_a The battle for peace : a frontline vision of America's power and purpose _cTony Zinni |
||
| 260 | _cC2006. | ||
| 650 |
_915412 _xGeneral |
||
| 942 |
_2ddc _cBK |
||
| 999 |
_c70944 _d70944 |
||